000 00928nam a22002657a 4500
001 BR7503735
003 BR-BrBNA
005 20230928084825.0
007 ta
008 230509b bl.||||| |||| 00| 0 por d
040 _aBR-BrBNA
_bpor
_cBiblioteca Nacional de Agricultura
041 _a(Por)
072 _aE10
_b/G514
090 _ E10 BR7503735
100 1 _aAlmeida, A.P.
110 1 _aSecretaria da Agricultura, Porto Alegre, RS (Brasil). Unidade de Economia Agricola
_98500
245 1 _aPrograma de atuacao da Unidade de Economia Agricola no interior do Estado [Rio Grande do Sul, Brasil]
260 3 _aPorto Alegre, RS (Brasil):
_c1975.
300 _a8 p.
500 _aNumerical data. (*) Documento disponível na(o) Comissao Estadual de Planejamento Agricola, Porto Alegre, RS (Brazil)
650 _aECONOMIA AGRICOLA
650 _aRIO GRANDE DO SUL
909 _a202309
_bLucia
_c55
_dLucia Elande
942 _cBK
999 _c21300
_d21300